00607nam a2200181Ia 4500952012500000999001700125003000400142005001700146008004100163040000900204082001800213100002800231245004400259260004900303300000900352650002200361942004200383 00102ddc40708LAWaMESbMEScLAWd2019-02-20g1.00l0o342.54 PRA/Ip1594r2019-02-20 00:00:00w2019-02-20yBKzGL9R4 c34749d34749OSt20200204154229.0190216s9999||||xx |||||||||||||| ||und|| coclc a342.54bPRA/I a Prasad, Rajendra91822 0aIndia`s Constitution /cRajendra Prasad bPublications Division Govt. Of India,c1967. a100p aPolitical Science cBK2ddch342.54iPRA/Ik342.54mPRA/I